00191nam a2200085Ia 4500008004100000041000800041100001900049245002800068260000900096230508s1990 xx 000 0 und d aeng aGORDON & FORD. aTHE CHEMISTS COMPANION. c1990